| 000 | 00495nam a22001937a 4500 | ||
|---|---|---|---|
| 005 | 20230515105119.0 | ||
| 008 | 230515b |||||||| |||| 00| 0 eng d | ||
| 020 | _a9780071145077 | ||
| 082 |
_a651.74 _bMUR-E |
||
| 100 | _aMurphy;Herta.A | ||
| 245 | _aEffective Business Communication | ||
| 250 | _a7th ed. | ||
| 260 |
_aNew York _bMcGraw-Hill _c2018 |
||
| 300 | _a619 | ||
| 500 | _aIncludes Index, Two copies | ||
| 650 |
_aBusiness _aManagement |
||
| 700 | _aMurphy;Herta.A | ||
| 999 |
_c18344 _d18344 |
||